<?xml version="1.0" encoding="UTF-8"?>
<record
    xmlns:xsi="http://www.w3.org/2001/XMLSchema-instance"
    xsi:schemaLocation="http://www.loc.gov/MARC21/slim http://www.loc.gov/standards/marcxml/schema/MARC21slim.xsd"
    xmlns="http://www.loc.gov/MARC21/slim">

  <leader>00805nam a22001817a 4500</leader>
  <datafield tag="952" ind1=" " ind2=" ">
    <subfield code="0">0</subfield>
    <subfield code="1">0</subfield>
    <subfield code="2">lcc</subfield>
    <subfield code="4">0</subfield>
    <subfield code="7">0</subfield>
    <subfield code="a">01</subfield>
    <subfield code="b">01</subfield>
    <subfield code="d">2022-11-11</subfield>
    <subfield code="l">0</subfield>
    <subfield code="o">PN6071.C5 L43 2013</subfield>
    <subfield code="p">16 002935</subfield>
    <subfield code="r">2025-02-24</subfield>
    <subfield code="t">Vol. 1 Ej. 1</subfield>
    <subfield code="w">2022-11-11</subfield>
    <subfield code="y">LB</subfield>
  </datafield>
  <datafield tag="952" ind1=" " ind2=" ">
    <subfield code="0">0</subfield>
    <subfield code="1">0</subfield>
    <subfield code="2">lcc</subfield>
    <subfield code="4">0</subfield>
    <subfield code="7">0</subfield>
    <subfield code="a">01</subfield>
    <subfield code="b">01</subfield>
    <subfield code="d">2022-11-11</subfield>
    <subfield code="l">0</subfield>
    <subfield code="o">PN6071.C5 L43 2013</subfield>
    <subfield code="p">16 002936</subfield>
    <subfield code="r">2023-07-13</subfield>
    <subfield code="t">Vol. 2. Ej. 2</subfield>
    <subfield code="w">2022-11-11</subfield>
    <subfield code="y">LB</subfield>
  </datafield>
  <datafield tag="952" ind1=" " ind2=" ">
    <subfield code="0">0</subfield>
    <subfield code="1">0</subfield>
    <subfield code="2">lcc</subfield>
    <subfield code="4">0</subfield>
    <subfield code="7">0</subfield>
    <subfield code="a">01</subfield>
    <subfield code="b">01</subfield>
    <subfield code="d">2022-11-11</subfield>
    <subfield code="l">0</subfield>
    <subfield code="o">PN6071.C5 L43 2013</subfield>
    <subfield code="p">16 002937</subfield>
    <subfield code="r">2023-07-13</subfield>
    <subfield code="t">Vol. 1 Ej. 2</subfield>
    <subfield code="w">2022-11-11</subfield>
    <subfield code="y">LB</subfield>
  </datafield>
  <datafield tag="952" ind1=" " ind2=" ">
    <subfield code="0">0</subfield>
    <subfield code="1">0</subfield>
    <subfield code="2">lcc</subfield>
    <subfield code="4">0</subfield>
    <subfield code="7">0</subfield>
    <subfield code="a">01</subfield>
    <subfield code="b">01</subfield>
    <subfield code="d">2022-11-11</subfield>
    <subfield code="l">0</subfield>
    <subfield code="o">PN6071.C5 L43 2013</subfield>
    <subfield code="p">16 002938</subfield>
    <subfield code="r">2023-07-13</subfield>
    <subfield code="t">Vol. 2 Ej. 2</subfield>
    <subfield code="w">2022-11-11</subfield>
    <subfield code="y">LB</subfield>
  </datafield>
  <datafield tag="952" ind1=" " ind2=" ">
    <subfield code="0">0</subfield>
    <subfield code="1">0</subfield>
    <subfield code="2">lcc</subfield>
    <subfield code="4">0</subfield>
    <subfield code="7">0</subfield>
    <subfield code="a">01</subfield>
    <subfield code="b">01</subfield>
    <subfield code="d">2022-11-11</subfield>
    <subfield code="l">0</subfield>
    <subfield code="o">PN6071.C5 L43 2013</subfield>
    <subfield code="p">16 002939</subfield>
    <subfield code="r">2023-07-13</subfield>
    <subfield code="t">Vol. 1 Ej. 3</subfield>
    <subfield code="w">2022-11-11</subfield>
    <subfield code="y">LB</subfield>
  </datafield>
  <datafield tag="952" ind1=" " ind2=" ">
    <subfield code="0">0</subfield>
    <subfield code="1">0</subfield>
    <subfield code="2">lcc</subfield>
    <subfield code="4">0</subfield>
    <subfield code="7">0</subfield>
    <subfield code="a">01</subfield>
    <subfield code="b">01</subfield>
    <subfield code="d">2022-11-11</subfield>
    <subfield code="l">0</subfield>
    <subfield code="o">PN6071.C5 L43 2013</subfield>
    <subfield code="p">16 002940</subfield>
    <subfield code="r">2025-02-10</subfield>
    <subfield code="t">Vol. 2 Ej. 3</subfield>
    <subfield code="w">2022-11-11</subfield>
    <subfield code="y">LB</subfield>
  </datafield>
  <datafield tag="999" ind1=" " ind2=" ">
    <subfield code="c">104248</subfield>
    <subfield code="d">104248</subfield>
  </datafield>
  <controlfield tag="008">190611s2013    mx a|||| |||| 00| 0 spa d</controlfield>
  <datafield tag="020" ind1=" " ind2=" ">
    <subfield code="a">9786074017724 (obra completa) </subfield>
  </datafield>
  <datafield tag="020" ind1=" " ind2=" ">
    <subfield code="a">9786074017731 (volumen 1) </subfield>
  </datafield>
  <datafield tag="020" ind1=" " ind2=" ">
    <subfield code="a">9786074017748 (volumen 2) </subfield>
  </datafield>
  <datafield tag="050" ind1=" " ind2=" ">
    <subfield code="a">PN6071.C5</subfield>
    <subfield code="b">L43 2013</subfield>
  </datafield>
  <datafield tag="245" ind1=" " ind2=" ">
    <subfield code="a">Lecturas cl&#xE1;sicas para ni&#xF1;os</subfield>
    <subfield code="c">/ Pr&#xF3;logo de Jos&#xE9; Vasconcelos</subfield>
  </datafield>
  <datafield tag="260" ind1=" " ind2=" ">
    <subfield code="a">M&#xE9;xico, D.F. </subfield>
    <subfield code="b">: Miguel &#xC1;ngel Porr&#xFA;a</subfield>
    <subfield code="c">, 2013</subfield>
  </datafield>
  <datafield tag="300" ind1=" " ind2=" ">
    <subfield code="a">2 vol&#xFA;menes </subfield>
    <subfield code="b">: ilustraciones (algunas a color) </subfield>
  </datafield>
  <datafield tag="505" ind1=" " ind2=" ">
    <subfield code="a">I. Oriente  
Grecia  
Los hebreos
II. Espa&#xF1;a  
Francia  
Alemania  
Italia  
Inglaterra  
Cuentos de Tolstoi  
Cuentos c&#xE9;lebres  
Am&#xE9;rica </subfield>
  </datafield>
  <datafield tag="519" ind1=" " ind2=" ">
    <subfield code="a">Plan UNAM / </subfield>
    <subfield code="b">Preparatoria / </subfield>
    <subfield code="c">Lengua espa&#xF1;ola (1402) / </subfield>
    <subfield code="d">16 002935</subfield>
  </datafield>
  <datafield tag="650" ind1=" " ind2="0">
    <subfield code="a">LITERATURA INFANTIL</subfield>
    <subfield code="x">COLECCIONES</subfield>
  </datafield>
  <datafield tag="942" ind1=" " ind2=" ">
    <subfield code="c">LB</subfield>
    <subfield code="2">lcc</subfield>
  </datafield>
</record>
